| 000 | 00476nam a2200193Ia 4500 | ||
|---|---|---|---|
| 008 | 170918s9999 xx 000 0 und d | ||
| 020 | _a9780439135753 | ||
| 050 | _bC475 2000 | ||
| 100 | _aCharles, Faustin | ||
| 245 | 4 | _aThe selfish crocodile / | |
| 245 | _cby Faustin Charles and Michael Terry. | ||
| 260 | _aNew York : | ||
| 260 | _bScholastic, | ||
| 260 | _c2000 | ||
| 300 | _aunpaged : | ||
| 300 | _bcolored illustration ; | ||
| 300 | _c22cm. | ||
| 500 | _a580 | ||
| 999 |
_c342940 _d342940 |
||